000 00399cam a2200157ua 4500
041 _aeng
_h
082 _a828.09
_bWOO/CA
100 _aWoolf, Virginia .
245 _aCaptain`s death bed and other essays /
_cVirginia Woolf.
_hTextual Documents
250 _a1 /
_b.
260 _aLondon :
_bThe Hograth Press ,
_c1950.
300 _a224 ; .
504 _a
942 _cBK
999 _c6654
_d6654